Minecraft Mobs: Armadillo - Statistics

General Stats
  • This quiz has been taken 10 times
  • The average score is 7 of 10
Answer Stats
Question Answer % Correct
How many health points does an armadillo have? 12
100%
What plains-adjacent biome family spawns the most armadillos? Savanna
88%
What desert-adjacent biome family spawns fewer armadillos? Badlands
75%
What item can be used to get that drop faster? Brush
75%
What is one mob that is scared of armadillos? Cave Spider | Spider
75%
What is an adult armadillo's width in blocks? 0.7
63%
What item does an armadillo drop occasionally? Armadillo Scute
63%
What item can be used to breed armadillos? Spider Eye
63%
What is an adult armadillo's height in blocks? 0.65
50%
What advancement do you get for using that item? Isn't It Scute?
25%
No matching quizzes found
Score Distribution
Percent of People with Each Score
Percentile by Number Answered
Your Score History
You have not taken this quiz